Karl Marx: founder of modern Communism. (Record no. 4329)
[ view plain ]
| 000 -LEADER | |
|---|---|
| fixed length control field | 00570cam a2200205 4500 |
| 001 - CONTROL NUMBER | |
| control field | 5167 |
| 005 - DATE AND TIME OF LATEST TRANSACTION | |
| control field | 20181127174931.0 |
| 010 ## - LIBRARY OF CONGRESS CONTROL NUMBER | |
| LC control number | 68136258 |
| 015 ## - NATIONAL BIBLIOGRAPHY NUMBER | |
| National bibliography number | B68-16097 |
| 020 ## - INTERNATIONAL STANDARD BOOK NUMBER | |
| International Standard Book Number | 9789350880081 |
| 100 1# - MAIN ENTRY--PERSONAL NAME | |
| Personal name | Kettle, Arnold. |
| 245 00 - TITLE STATEMENT | |
| Title | Karl Marx: founder of modern Communism. |
| 250 ## - EDITION STATEMENT | |
| Edition statement | 1st ed. |
| 260 ## - PUBLICATION, DISTRIBUTION, ETC. | |
| Place of publication, distribution, etc. | New Delhi : |
| Name of publisher, distributor, etc. | Mahaveer Pub, |
| Date of publication, distribution, etc. | 2013 |
| 300 ## - PHYSICAL DESCRIPTION | |
| Extent | 168 p. |
| Other physical details | illus., facsims., ports. |
| Dimensions | 21 cm. |
| 490 0# - SERIES STATEMENT | |
| Series statement | Pathfinder biographies |
| 504 ## - BIBLIOGRAPHY, ETC. NOTE | |
| Bibliography, etc. note | Bibliography: p. 121-122. |
| 600 10 - SUBJECT ADDED ENTRY--PERSONAL NAME | |
| Personal name | Marx, Karl, |
| Dates associated with a name | 1818-1883. |
| Form subdivision | |
| 740 0# - ADDED ENTRY--UNCONTROLLED RELATED/ANALYTICAL TITLE | |
| Uncontrolled related/analytical title | Founder of modern communism. |
| Withdrawn status | Lost status | Source of classification or shelving scheme | Damaged status | Not for loan | Collection code | Home library | Current library | Shelving location | Date acquired | Serial Enumeration / chronology | Inventory number | Total Checkouts | Total Renewals | Full call number | Barcode | Date last seen | Date last checked out | Price effective from | Koha item type |
|---|---|---|---|---|---|---|---|---|---|---|---|---|---|---|---|---|---|---|---|
| Dewey Decimal Classification | Main TEST | RTC Library | RTC Library | Main opac | 02/09/2021 | 8438 | 9 | 1 | 335.4 DAS | 30009476 | 03/09/2024 | 06/08/2024 | 27/11/2018 | Main |